UBT Library

Signs and Symptoms (Record no. 55298)

000 -LEADER
fixed length control field 00267nam a22001217a 4500
008 - FIXED-LENGTH DATA ELEMENTS--GENERAL INFORMATION
fixed length control field 210226b ||||| |||| 00| 0 eng d
041 ## - LANGUAGE CODE
Language code of text/sound track or separate title eng
080 ## - UNIVERSAL DECIMAL CLASSIFICATION NUMBER
Edition identifier 4th
Universal Decimal Classification number 159.9
100 ## - Rafti
Rafti 48
101 ## - Shkurtesa
Shkurtesa PSI
245 ## - TITLE STATEMENT
Title Signs and Symptoms
Statement of responsibility, etc Macbryde,M.C
942 ## - ADDED ENTRY ELEMENTS (KOHA)
Source of classification or shelving scheme
Item type Books
Holdings
Withdrawn status Lost status Source of classification or shelving scheme Damaged status Not for loan Collection code Permanent location Current location Shelving location Date acquired Total Checkouts Full call number Barcode Date last seen Price effective from Koha item type
          Koleksioni i përgjithshem UBT - Lipjan UBT - Lipjan Koleksioni i përgjithshem 02/26/2021   159.9 MAC 002-6000932 02/26/2021 02/26/2021 Books
UBT Library © 2015-2024. All rights reserved University Education for Business and Technology